| 000 | 00820nam a2200241 i 4500 | ||
|---|---|---|---|
| 001 | casanovaembrace00adle | ||
| 003 | CaSfIA | ||
| 005 | 20230525154912.0 | ||
| 007 | cr|||| | ||
| 008 | 780517s1978 nyu 000 1 eng | ||
| 035 | _9(DLC) 77018423 | ||
| 856 | 4 | 1 |
_uhttp://www.archive.org/details/casanovaembrace00adle _zFree eBook from the Internet Archive |
| 856 | 4 | 2 |
_uhttp://www.openlibrary.org/books/OL4549947M _zAdditional information and access via Open Library |
| 010 | _a 77018423 | ||
| 020 |
_a0399121072 : _c$9.95 |
||
| 040 |
_aDLC _cDLC _dDLC _dCaSfIA |
||
| 050 | 0 | 0 |
_aPZ4.A239 _bCas _aPS3551.D64 |
| 082 | 0 | 0 | _a813/.5/4 |
| 100 | 1 | _aAdler, Warren. | |
| 245 | 1 | 4 |
_aThe Casanova embrace / _h[electronic resource] _cby Warren Adler. |
| 260 |
_aNew York : _bPutnam, _cc1978. |
||
| 300 |
_a383 p. ; _c23 cm. |
||
| 999 |
_c19767 _d19767 |
||